000 01130nam0a22002891 4500
001 rc\4412449
005 20250612074540.0
021 _aRU
_b[58-55314]
035 _a(NLR Aleph) 008564821
090 _a8488389
_c8488389
100 _a20130416d1958 |||y0rusy50 ca
101 0 _arus
102 _aRU
105 _aa z |||||
200 1 _aМикроэлементы и естественные радиоактивные элементы в жизни растений и животных
_fАкад. наук СССР
210 _aМосква
_cИзд-во Акад. наук СССР
_d1958
215 _a208 с., 1 л. табл.
_cил.
_d20
225 1 _aНаучно-популярная серия
320 _aБиблиогр.: с. 198-207
606 _aМикроэлементы
_xБиологическая роль
_2psbo
606 _aРадиоактивные элементы
_xБиологическая роль
_2psbo
700 1 _aДробков
_bА.А.
_gАнтон Андреевич
801 0 _aRU
_bNLR
_gpsbo
801 1 _aRU
_bELAR
_2rusmarc
852 _aNLR
_j58-3/4723
942 _cBOOK
980 _aNB